Statistics for The 1975 - The City lyrics

Click here to take the quiz!

General Stats

  • This quiz has been taken 25 times
  • The average score is 263 of 359

Answer Stats

Answer% Correct
I
100%
it
100%
a
92%
be
92%
call
92%
don't
92%
Don't
92%
know
92%
on
92%
The
92%
the
92%
when
92%
you
92%
You
92%
go
85%
Go
85%
is
85%
"It's
85%
it's
85%
your
85%
Your
85%
And
77%
and
77%
but
77%
city
77%
fight
77%
find
77%
had
77%
love
77%
then
77%
to
77%
t-shirt
77%
wanna
77%
war
77%
where
77%
With
77%
with
77%
wrong
77%
best
69%
ever
69%
got
69%
He
69%
he
69%
if
69%
just
69%
said
69%
want
69%
Yeah
69%
all
62%
alright
62%
alright?"
62%
eyes
62%
feeling
62%
fine
62%
Get
62%
goes
62%
in
62%
isn't
62%
job
62%
next
62%
Oh
62%
one's
62%
she
62%
well
62%
you're
62%
You've
62%
are
54%
bed
54%
birthday
54%
boy
54%
Cleaning
54%
his
54%
nothing
54%
pretty
54%
shoes
54%
shower
54%
strong"
54%
strong
54%
that
54%
too
54%
up
54%
was
54%
will
54%
cards
46%
Community
46%
counting
46%
felt
46%
floor
46%
lie
46%
sit
46%
spade
46%
you'll
46%
because
38%
brother
38%
first
38%
MD
38%
of
38%
service
38%
snide
38%
advice
31%
bit
31%
fours
31%
gave
31%
good
31%
hope
31%
me
31%
sat
31%
sick
31%
there
31%
twos
31%
liked
23%
"They're
23%

Score Distribution

Percentile by Number Answered

Percent of People with Each Score

Your Score History

You have not taken this quiz